000 00980cam a2200265 i 4500
999 _c13940
_d13940
020 _a9781338263428
020 _a9781454923459
082 0 0 _aFic B682 2017
100 1 _aBowling, Dusti.
245 1 0 _aInsignificant events in the life of a cactus /
_cby Dusti Bowling.
260 _aNew York :
_bSterling Children's Books,
_cc2017.
300 _a262 pages ;
_c20 cm
337 _aunmediated
_bn
520 _aNew friends and a mystery help Aven, thirteen, adjust to middle school and life at a dying western theme park in a new state, where her being born armless presents many challenges.
526 _aFICTION
650 1 _aPeople with disabilities--Fiction.
650 1 _aAmusement parks--Fiction.
650 1 _aFriendship--Fiction.
650 1 _aAdoption--Fiction.
650 1 _aTourette syndrome--Fiction.
650 1 _aOverweight persons--Fiction.
650 1 _aMoving (Households)--Fiction.
650 1 _aMystery and detective stories.
942 _2ddc
_cBK